White paper on international trade Japan 1982 (Summary)

में बचाया:
ग्रंथसूची विवरण
स्वरूप: पुस्तक
भाषा:Undetermined
प्रकाशित: Japan Jetro 1982
विषय:
टैग : टैग जोड़ें
कोई टैग नहीं, इस रिकॉर्ड को टैग करने वाले पहले व्यक्ति बनें!
Thư viện lưu trữ: Trung tâm Học liệu Trường Đại học Cần Thơ
LEADER 00474nam a2200181Ia 4500
001 CTU_105473
008 210402s9999 xx 000 0 und d
082 |a 382.0952 
082 |b W582/1982 
245 0 |a White paper on international trade Japan 1982 
245 0 |b (Summary) 
260 |a Japan 
260 |b Jetro 
260 |c 1982 
650 |a Japan 
650 |x Commerce,Periodicals 
904 |i Tuyến 
980 |a Trung tâm Học liệu Trường Đại học Cần Thơ